Logo BPK

Biblioteka

Politechniki Koszalińskiej

Podręczny słownik angielsko-polski / (Rekord nr 40351)

Szczegóły MARC
000 -ETYKIETA REKORDU
podpole kontrolne o stałej długości 00935nam a2200229 i 4500
001 - NUMER KONTROLNY REKORDU
pole kontrolne bg
020 ## - MIĘDZYNARODOWY ZNORMALIZOWANY NUMER KSIĄŻKI - ISBN
ISBN 8321411215
040 ## - ŹRÓDŁO KATALOGOWANIA
Instytucja, która utworzyła rekord BPK
041 1# - KOD JĘZYKA
Kod języka tekstu enpl
080 ## - UNIWERSALNA KLASYFIKACJA DZIESIĘTNA - UKD
UKD 811.111::811.162.1]'374
920 ## - Międzynarodowy znormalizowany numer książki – ISBN
ISBN 83-214-1121-5
008 - POLE O STAŁEJ DŁUGOŚCI - DANE KONTROLNE
podpole kontrolne o stałej długości s pl f |000 0 pol
100 1# - NAZWA OSOBOWA
Nazwa osobowa SZKUTNIK, Maria
245 10 - TYTUŁ/ODPOWIEDZIALNOŚĆ
Tytuł Podręczny słownik angielsko-polski /
Pozostałe elementy strefy tytułu i oznaczenia odpowiedzialności Maria Szkutnik.
246 15 - WARIANT TYTUŁU
Tytuł Practical English-Polish dictionary
260 ## - STREFA ADRESU WYDAWNICZEGO
Miejsce wydania Warszawa :
Nazwa wydawcy/dystrybutora "Wiedza Powszechna",
Data publikacji, dystrybucji/powstania dokumentu 2001.
300 ## - STREFA OPISU FIZYCZNEGO
Objętość 796 s. ;
Rozmiary 21 cm.
500 ## - UWAGI OGÓLNE
Tekst uwagi Tyt. równol.: A practical English-Polish dictionary. - Na okł. podtyt.: A-Z : nowy : 100 000 wyrazów hasłowych i przykładów ich użycia, bogata frazeologia i terminologia, liczne amerykanizmy, spisy nazw geograficznych i skrótów, transkrypcja fonetyczna.
650 #9 - HASŁO PRZEDMIOTOWE W FORMIE NAZWY OGÓLNEJ LUB JEDNOSTKOWEJ
Nazwa ogólna lub geograficzna Słownik angielsko-polski
942 ## - DODATKOWE ELEMENTY (KOHA)
Typ dokumentu Książka
Egzemplarze
Wycofany Status egzemplarza Uszkodzony Dostępność Lokalizacja stała Lokalizacja bieżąca Miejsce przechowywania Sygnatura Kod kreskowy Dział Typ dokumentu
      Tylko na miejscu Biblioteka Politechniki Koszalińskiej Biblioteka Politechniki Koszalińskiej Czytelnia Wydziałowa ul. Kwiatkowskiego 6e 60968 01637946 811.111(03) Język angielski - encyklopedie, słowniki Książka
© 2023 Biblioteka Politechniki Koszalińskiej :: KOHA